Las Islas Canarias (Record no. 176905)

MARC details
000 -LEADER
campo de control de longitud fija 01133nam a22002895i 4500
001 - NÚMERO DE CONTROL
campo de control 176905
003 - IDENTIFICADOR DE NÚMERO DE CONTROL
campo de control ES-MaACL
005 - FECHA Y HORA DE LA ÚLTIMA TRANSACCIÓN
campo de control 20250807061406.0
008 - DATOS DE LONGITUD FIJA--INFORMACIÓN GENERAL
campo de control de longitud fija 110217s1964 sp |||| | spa d
080 ## - NÚMERO DE LA CLASIFICACIÓN DECIMAL UNIVERSAL
Número de la Clasificación Decimal Universal 94(460.41)(093)
100 1# - ENTRADA PRINCIPAL--NOMBRE DE PERSONA
Nombre de persona Frutuoso, Gaspar.
9 (RLIN) 145259
245 14 - MENCIÓN DEL TÍTULO
Título Las Islas Canarias
Resto del título : (de "saudades da terra") /
Mención de responsabilidad, etc. Gaspar Frutuoso ; prólogo, traducción, glosario e índices por E. Serra, J. Régulo y S. Pestana.
260 ## - PUBLICACIÓN, DISTRIBUCIÓN, ETC.
Lugar de publicación, distribución, etc. La Laguna de Tenerife :
Nombre del editor, distribuidor, etc. [Instituto de Estudios Canarios],
Fecha de publicación, distribución, etc. 1964.
300 ## - DESCRIPCIÓN FÍSICA
Extensión XVII, 194 p. ;
Dimensiones 25 cm.
490 1# - MENCIÓN DE SERIE
Mención de serie Fontes rerum Canarium : colección de textos y documentos para la historia de Canarias ;
Designación de volumen o secuencia 12
500 ## - NOTA GENERAL
Nota general Índice.
504 ## - NOTA DE BIBLIOGRAFÍA, ETC.
Nota de bibliografía, etc. Bibliografía: p. XVII.
546 ## - NOTA DE IDIOMA
Nota de lengua/lenguaje Texto en español y portugués.
651 #4 - PUNTO DE ACCESO ADICIONAL DE MATERIA--NOMBRE GEOGRÁFICO
Nombre geográfico Canarias-
Subdivisión general Historia-
Subdivisión de forma Fuentes.
9 (RLIN) 145261
700 0# - ENTRADA AGREGADA--NOMBRE PERSONAL
Nombre de persona Serra Ràfols, Elías.
9 (RLIN) 105653
700 0# - ENTRADA AGREGADA--NOMBRE PERSONAL
Nombre de persona Régulo Pérez, Juan.
9 (RLIN) 95942
700 1# - ENTRADA AGREGADA--NOMBRE PERSONAL
Nombre de persona Pestana, S.
9 (RLIN) 145260
710 2# - ENTRADA AGREGADA--NOMBRE DE ENTIDAD CORPORATIVA
Nombre de entidad corporativa o nombre de jurisdicción como elemento de entrada Instituto de Estudios Canarios.
9 (RLIN) 4891
830 00 - PUNTO DE ACCESO ADICIONAL DE SERIE-TÍTULO UNIFORME
Título uniforme Fontes rerum Canariarum
Designación de volumen o secuencia 12
9 (RLIN) 190299
852 ## - LOCALIZACIÓN
Ubicación ES-MaACL
Número de control de estantería E-14345
Holdings
Estatus retirado Estado de pérdida Estado de daño No para préstamo Biblioteca de origen Biblioteca actual Ubicación en estantería Fecha de adquisición Fuente de adquisición Total de préstamos Signatura topográfica completa Código de barras Visto por última vez Precio de reemplazo Tipo de ítem Koha
        Biblioteca del Ateneo de Madrid Biblioteca del Ateneo de Madrid Depósito 2 17/02/2011     E-14345 1185804 23/02/2023 23/02/2023 Libro impreso